000 00298nam a2200121Ia 4500
008 191201s2019 xx 000 0 und d
100 _aMURRAY, Daniel A
245 0 _aIntroductory Course in Differential Equations
260 _aN. Delhi
_bKhosla
300 _a236
650 _aApplied
942 _2ddc
_cBK
999 _c76
_d76